| 000 | 00889nam a2200229 a 4500 | ||
|---|---|---|---|
| 008 | 090518s2007 ||||||||||||||||| || u | ||
| 020 | _a9781868144532 | ||
| 050 | _aJQ 2720 Sec | ||
| 100 | _aCawthra, Gavin | ||
| 245 | 1 | 0 |
_aSecurity and democracy in Southern Africa _cEdited by Cawthra, Gavin; Pisani, Andre du; Omari, Abillah |
| 260 |
_aOttawa: _bIDRC _c2007 |
||
| 300 | _axiii, 288p. :ill. | ||
| 350 | _a0.00 | ||
| 490 | _aThe Wits P&DM Governance series | ||
| 650 | _aNATIONAL SECURITY--AFRICA, SOUTHERN | ||
| 650 | _aDEMOCRATIZATION--AFRICA, SOUTHERN | ||
| 650 | _aDEMOCRACY | ||
| 700 | _aOmari, Abillah | ||
| 700 | _aPisani, Andre Du | ||
| 710 | _aInternational Development Research Centre (Canada) | ||
| 995 |
_D0.00 _FCBU-MAIN LIBRARY (Kitwe) _H1 _I0.00 _M1 _UAVAILABLE _WMay 19, 2009 _ZMain Library Open Access Collection |
||
| 999 |
_c57211 _d57211 |
||